[Event "EYCC Open-U12 2019"]
[Site "Bratislava"]
[Date "2019.08.09"]
[Round "8.22"]
[White "Valiyev, Shahin"]
[Black "Bakiev, Diyor"]
[Result "0-1"]
[WhiteElo "1830"]
[BlackElo "2121"]
[Annotator "NA"]
[PlyCount "142"]
[EventDate "2019.08.02"]
[EventType "swiss"]
[EventCountry "SVK"]
[SourceTitle "playchess.com"]
[Source "ChessBase"]
[SourceQuality "1"]
[TimeControl "40/5400+30:1800+30"]

1. e4 {[%emt 0:00:00]} e5 {[%emt 0:00:00]} 2. Nf3 {[%emt 0:00:00]} Nc6 {[%emt 0:00:24]} 3. Bb5 {[%emt 0:00:00]} a6 {[%emt 0:00:14]} 4. Ba4 {[%emt 0:00:00]} Nf6 {[%emt 0:00:14]} 5. O-O {[%emt 0:01:11]} b5 {[%emt 0:02:04]} 6. Bb3 {[%emt 0:00:05]} Bc5 {[%emt 0:01:27]} 7. d3 {[%emt 0:01:48]} d6 {[%emt 0:00:46]} 8. a3 {[%emt 0:00:14]} Bb6 {[%emt 0:00:46]} 9. Nc3 {[%emt 0:00:33]} h6 {[%emt 0:01:21]} 10. Nd5 {[%emt 0:01:19]} Nxd5 {[%emt 0:07:20]} 11. Bxd5 {[%emt 0:01:07]} Bd7 {[%emt 0:04:49]} 12. c3 {[%emt 0:01:23]} O-O {[%emt 0:01:28]} 13. h3 {[%emt 0:10:47]} Qf6 {[%emt 0:07:43]} 14. Be3 {[%emt 0:09:59]} Rab8 {[%emt 0:08:52]} 15. Bxb6 {[%emt 0:01:25]} Rxb6 {[%emt 0:00:18]} 16. Re1 {[%emt 0:02:11]} Ne7 {[%emt 0:01:53]} 17. Bb3 {[%emt 0:01:28]} Ng6 {[%emt 0:01:16]} 18. d4 {[%emt 0:01:52]} Bc8 {[%emt 0:03:52]} 19. Kh2 {[%emt 0:24:40]} Nf4 {[%emt 0:06:07]} 20. Ng1 {[%emt 0:03:41]} c5 {[%emt 0:04:02]} 21. d5 {[%emt 0:01:08]} Qg5 {[%emt 0:04:47]} 22. g3 {[%emt 0:04:17]} Ng6 {[%emt 0:01:23]} 23. Rf1 {[%emt 0:02:39]} f5 {[%emt 0:12:09]} 24. f3 {[%emt 0:01:02]} h5 25. h4 {[%emt 0:06:36]} Qf6 {[%emt 0:07:49]} 26. exf5 {[%emt 0:00:26]} Bxf5 {[%emt 0:00:26]} 27. Bc2 {[%emt 0:00:18]} Ne7 {[%emt 0:05:24]} 28. Bxf5 {[%emt 0:00:30]} Nxf5 29. Qd2 {[%emt 0:00:49]} b4 {[%emt 0:02:31]} 30. axb4 {[%emt 0:01:59]} cxb4 {[%emt 0:00:07]} 31. cxb4 {[%emt 0:01:27]} Nd4 {[%emt 0:00:47]} 32. Qc3 {[%emt 0:01:17]} Rfb8 {[%emt 0:00:59]} 33. Ra4 {[%emt 0:00:36]} Qf7 {[%emt 0:01:31]} 34. Nh3 {[%emt 0:04:22]} Qxd5 {[%emt 0:01:50]} 35. Ng5 {[%emt 0:00:38]} Qb5 {[%emt 0:02:19]} 36. Rfa1 {[%emt 0:01:33]} Qe2+ {[%emt 0:00:20]} 37. Kh3 {[%emt 0:00:15]} Rc6 {[%emt 0:00:51]} 38. Qe1 {[%emt 0:01:19]} Qxe1 {[%emt 0:01:31]} 39. Rxe1 {[%emt 0:00:09]} Nc2 {[%emt 0:03:46]} 40. Rc1 {[%emt 0:00:00]} d5 {[%emt 0:00:00]} 41. Ra5 {[%emt 0:00:59]} Rb5 {[%emt 0:01:14]} 42. Rxb5 {[%emt 0:00:47]} axb5 {[%emt 0:00:02]} 43. Rd1 {[%emt 0:04:15]} d4 {[%emt 0:01:07]} 44. f4 {[%emt 0:01:20]} exf4 {[%emt 0:02:59]} 45. gxf4 {[%emt 0:00:40]} Rc4 {[%emt 0:07:54]} 46. Nf3 {[%emt 0:01:26]} Rxb4 47. Rd2 {[%emt 0:00:18]} Rb3 {[%emt 0:02:50]} 48. Rxc2 {[%emt 0:00:04]} Rxf3+ {[%emt 0:00:06]} 49. Kg2 {[%emt 0:00:07]} Rxf4 {[%emt 0:00:35]} 50. Rc5 {[%emt 0:00:18]} d3 {[%emt 0:01:15]} 51. Rd5 {[%emt 0:00:24]} Rxh4 {[%emt 0:00:30]} 52. Rxd3 {[%emt 0:00:04]} Rb4 {[%emt 0:01:23]} 53. b3 {[%emt 0:00:04]} Kh7 {[%emt 0:00:29]} 54. Kh3 {[%emt 0:00:11]} Kh6 {[%emt 0:00:21]} 55. Rc3 {[%emt 0:00:12]} Rd4 {[%emt 0:00:41]} 56. Re3 {[%emt 0:01:35]} b4 {[%emt 0:00:28]} 57. Kg2 {[%emt 0:00:10]} h4 {[%emt 0:00:50]} 58. Re6+ {[%emt 0:00:15]} Kh5 {[%emt 0:00:17]} 59. Rb6 {[%emt 0:00:06]} g5 {[%emt 0:00:16]} 60. Rb8 {[%emt 0:00:10]} Kg4 {[%emt 0:00:23]} 61. Rb5 {[%emt 0:01:19]} h3+ {[%emt 0:00:37]} 62. Kh2 {[%emt 0:00:28]} Rd2+ {[%emt 0:00:31]} 63. Kh1 {[%emt 0:00:05]} Rb2 {[%emt 0:00:33]} 64. Rd5 {[%emt 0:00:45]} Rxb3 {[%emt 0:00:10]} 65. Kh2 {[%emt 0:00:06]} Rb2+ {[%emt 0:00:09]} 66. Kh1 {[%emt 0:00:16]} Kh4 {[%emt 0:00:24]} 67. Kg1 {[%emt 0:00:41]} g4 {[%emt 0:00:11]} 68. Rd8 {[%emt 0:00:11]} b3 {[%emt 0:00:18]} 69. Rd1 {[%emt 0:00:29]} Rc2 {[%emt 0:00:06]} 70. Kh1 {[%emt 0:00:16]} b2 {[%emt 0:00:04]} 71. Rg1 {[%emt 0:00:15]} Rc1 {[%emt 0:00:13]} 0-1

[Event "EYCC Open-U12 2019"]
[Site "Bratislava"]
[Date "2019.08.09"]
[Round "8.23"]
[White "Ciric, Pavle"]
[Black "Bialiauski, Artsiom"]
[Result "1-0"]
[WhiteElo "1987"]
[BlackElo "1784"]
[Annotator "NA"]
[PlyCount "53"]
[EventDate "2019.08.02"]
[EventType "swiss"]
[EventCountry "SVK"]
[SourceTitle "playchess.com"]
[Source "ChessBase"]
[SourceQuality "1"]
[TimeControl "40/5400+30:1800+30"]

1. e4 {[%emt 0:00:00]} e5 {[%emt 0:00:00]} 2. Nf3 {[%emt 0:00:00]} Nc6 {[%emt 0:00:19]} 3. Bb5 {[%emt 0:00:00]} a6 {[%emt 0:00:38]} 4. Bxc6 {[%emt 0:00:00]} dxc6 {[%emt 0:00:14]} 5. O-O {[%emt 0:00:01]} Qf6 {[%emt 0:07:20]} 6. d4 {[%emt 0:10:22]} Bd6 {[%emt 0:04:20]} 7. dxe5 {[%emt 0:02:09]} Bxe5 {[%emt 0:00:14]} 8. Bg5 {[%emt 0:00:15]} Qd6 {[%emt 0:06:39]} 9. Nxe5 {[%emt 0:01:03]} Qxd1 {[%emt 0:00:14]} 10. Rxd1 {[%emt 0:00:02]} f6 {[%emt 0:00:06]} 11. Bf4 {[%emt 0:01:35]} fxe5 {[%emt 0:00:35]} 12. Bxe5 {[%emt 0:00:02]} Nf6 {[%emt 0:01:14]} 13. Nc3 {[%emt 0:01:01]} Be6 {[%emt 0:03:47]} 14. Bxc7 {[%emt 0:00:13]} Kf7 {[%emt 0:02:15]} 15. f3 {[%emt 0:07:05]} Rac8 {[%emt 0:02:47]} 16. Bf4 {[%emt 0:00:29]} h6 {[%emt 0:04:38]} 17. Rd2 {[%emt 0:01:08]} Ne8 {[%emt 0:03:07]} 18. Rad1 {[%emt 0:00:27]} Ke7 {[%emt 0:01:06]} 19. Na4 {[%emt 0:04:24]} Rf8 {[%emt 0:03:20]} 20. Be3 {[%emt 0:01:26]} Rg8 {[%emt 0:12:10]} 21. Nb6 {[%emt 0:04:24]} Nf6 {[%emt 0:06:21]} 22. Nxc8+ {[%emt 0:00:06]} Rxc8 {[%emt 0:00:07]} 23. Bc5+ {[%emt 0:00:22]} Ke8 {[%emt 0:00:07]} 24. Bd4 {[%emt 0:00:18]} a5 {[%emt 0:00:23]} 25. Bxf6 {[%emt 0:00:08]} gxf6 {[%emt 0:00:03]} 26. a3 {[%emt 0:00:22]} Ke7 {[%emt 0:01:50]} 27. Kf2 {[%emt 0:00:06]} 1-0

[Event "EYCC Open-U12 2019"]
[Site "Bratislava"]
[Date "2019.08.09"]
[Round "8.24"]
[White "Zlatkov, Anton"]
[Black "Kvaloy, Aksel Bu"]
[Result "0-1"]
[WhiteElo "1782"]
[BlackElo "2205"]
[Annotator "NA"]
[PlyCount "74"]
[EventDate "2019.08.02"]
[EventType "swiss"]
[EventCountry "SVK"]
[SourceTitle "playchess.com"]
[Source "ChessBase"]
[SourceQuality "1"]
[TimeControl "40/5400+30:1800+30"]

1. e4 {[%emt 0:00:00]} c5 {[%emt 0:00:00]} 2. c3 {[%emt 0:00:00]} Nf6 {[%emt 0:00:00]} 3. e5 {[%emt 0:00:00]} Nd5 {[%emt 0:00:00]} 4. d4 {[%emt 0:00:00]} cxd4 {[%emt 0:00:03]} 5. Nf3 {[%emt 0:00:15]} Nc6 {[%emt 0:00:13]} 6. cxd4 {[%emt 0:00:21]} d6 {[%emt 0:00:09]} 7. Bc4 {[%emt 0:00:25]} Nb6 {[%emt 0:00:09]} 8. Bb3 {[%emt 0:00:26]} dxe5 {[%emt 0:00:19]} 9. d5 {[%emt 0:00:34]} Na5 {[%emt 0:00:10]} 10. Nc3 {[%emt 0:01:07]} Bg4 {[%emt 0:00:32]} 11. Ba4+ {[%emt 0:14:27]} Nxa4 {[%emt 0:00:23]} 12. Qxa4+ {[%emt 0:01:38]} Bd7 {[%emt 0:00:04]} 13. Qe4 {[%emt 0:00:47]} f6 {[%emt 0:00:33]} 14. Be3 {[%emt 0:07:48]} Rc8 {[%emt 0:08:03]} 15. Nd2 {[%emt 0:13:17]} b6 {[%emt 0:10:10]} 16. O-O {[%emt 0:01:26]} g6 {[%emt 0:27:33]} 17. f4 {[%emt 0:05:20]} exf4 {[%emt 0:00:46]} 18. Bxf4 {[%emt 0:00:49]} Bf5 {[%emt 0:01:08]} 19. Qe2 {[%emt 0:16:07]} e5 {[%emt 0:10:53]} 20. g4 {[%emt 0:06:45]} Bc5+ {[%emt 0:03:34]} 21. Kh1 {[%emt 0:01:09]} Bxg4 {[%emt 0:07:08]} 22. Qxg4 {[%emt 0:00:25]} exf4 {[%emt 0:00:06]} 23. Rae1+ {[%emt 0:01:27]} Kf7 {[%emt 0:00:20]} 24. Rxf4 {[%emt 0:04:40]} Bd6 {[%emt 0:04:49]} 25. Rf3 {[%emt 0:02:19]} Kg7 {[%emt 0:01:24]} 26. Ref1 {[%emt 0:04:31]} Be5 {[%emt 0:00:43]} 27. Nde4 {[%emt 0:02:01]} Rf8 {[%emt 0:03:47]} 28. Ng5 {[%emt 0:03:15]} Qe7 {[%emt 0:05:35]} 29. Ne6+ {[%emt 0:00:23]} Kh8 {[%emt 0:00:01]} 30. Nxf8 {[%emt 0:00:16]} Rxf8 {[%emt 0:00:05]} 31. Qe6 {[%emt 0:01:14]} Qb4 {[%emt 0:00:07]} 32. Ne4 {[%emt 0:01:51]} Qxe4 {[%emt 0:00:20]} 33. d6 {[%emt 0:00:41]} Qc2 {[%emt 0:00:28]} 34. R1f2 {[%emt 0:02:59]} Qc6 {[%emt 0:02:38]} 35. Kg2 {[%emt 0:01:27]} Nb7 {[%emt 0:01:22]} 36. Re2 {[%emt 0:00:54]} Nxd6 {[%emt 0:02:57]} 37. Rxe5 {[%emt 0:00:41]} fxe5 {[%emt 0:00:13]} 0-1

[Event "EYCC Open-U12 2019"]
[Site "Bratislava"]
[Date "2019.08.09"]
[Round "8.25"]
[White "Wahlgreen, Noah"]
[Black "Konyves, Almos"]
[Result "0-1"]
[WhiteElo "1743"]
[BlackElo "2104"]
[Annotator "NA"]
[PlyCount "96"]
[EventDate "2019.08.02"]
[EventType "swiss"]
[EventCountry "SVK"]
[SourceTitle "playchess.com"]
[Source "ChessBase"]
[SourceQuality "1"]
[TimeControl "40/5400+30:1800+30"]

1. e4 {[%emt 0:00:00]} e5 {[%emt 0:00:00]} 2. Nf3 {[%emt 0:00:00]} Nc6 {[%emt 0:00:00]} 3. Bc4 {[%emt 0:00:00]} Be7 {[%emt 0:00:00]} 4. O-O {[%emt 0:05:05]} Nf6 {[%emt 0:00:02]} 5. Re1 {[%emt 0:04:53]} d6 {[%emt 0:00:14]} 6. c3 {[%emt 0:00:12]} O-O {[%emt 0:00:32]} 7. d4 {[%emt 0:00:50]} Bg4 {[%emt 0:02:56]} 8. d5 {[%emt 0:05:19]} Nb8 {[%emt 0:00:56]} 9. h3 {[%emt 0:02:41]} Bd7 {[%emt 0:01:49]} 10. a4 {[%emt 0:05:44]} Ne8 {[%emt 0:02:23]} 11. b4 {[%emt 0:04:49]} f5 {[%emt 0:01:28]} 12. Nbd2 {[%emt 0:00:41]} f4 {[%emt 0:00:57]} 13. Be2 {[%emt 0:03:16]} Nf6 {[%emt 0:02:05]} 14. Qb3 {[%emt 0:01:58]} Kh8 {[%emt 0:05:26]} 15. Ba3 {[%emt 0:04:52]} Qe8 {[%emt 0:03:59]} 16. c4 {[%emt 0:01:36]} Qg6 {[%emt 0:22:44]} 17. Kh1 {[%emt 0:03:23]} Qh6 {[%emt 0:03:24]} 18. Nh2 {[%emt 0:02:12]} g5 {[%emt 0:01:27]} 19. f3 {[%emt 0:01:57]} Rg8 {[%emt 0:12:59]} 20. c5 {[%emt 0:03:07]} Rg6 {[%emt 0:12:28]} 21. Nc4 {[%emt 0:04:25]} Bxh3 {[%emt 0:00:38]} 22. gxh3 {[%emt 0:01:06]} Qxh3 {[%emt 0:00:11]} 23. Bf1 {[%emt 0:02:18]} Qg3 {[%emt 0:02:40]} 24. Re2 {[%emt 0:05:02]} g4 {[%emt 0:01:39]} 25. Rg2 {[%emt 0:01:13]} Qh3 {[%emt 0:01:22]} 26. Rxg4 {[%emt 0:00:53]} Nxg4 {[%emt 0:00:07]} 27. Qb2 {[%emt 0:02:08]} Qxh2+ {[%emt 0:00:05]} 28. Qxh2 {[%emt 0:00:37]} Nxh2 {[%emt 0:00:05]} 29. Kxh2 {[%emt 0:00:21]} Nd7 {[%emt 0:00:07]} 30. Bh3 {[%emt 0:01:24]} Rag8 {[%emt 0:01:27]} 31. Ra2 {[%emt 0:06:11]} Nf6 {[%emt 0:02:18]} 32. b5 {[%emt 0:01:08]} Ne8 {[%emt 0:06:33]} 33. Na5 {[%emt 0:02:04]} b6 {[%emt 0:04:16]} 34. Nc6 {[%emt 0:00:11]} Bh4 {[%emt 0:00:16]} 35. cxd6 {[%emt 0:02:45]} cxd6 {[%emt 0:00:10]} 36. Nxa7 {[%emt 0:00:17]} Bg3+ {[%emt 0:00:18]} 37. Kh1 {[%emt 0:00:19]} Rh6 {[%emt 0:00:14]} 38. Kg2 {[%emt 0:00:23]} Be1+ {[%emt 0:00:36]} 39. Bg4 {[%emt 0:00:52]} Rh4 {[%emt 0:00:58]} 40. Kf1 {[%emt 0:00:00]} h5 {[%emt 0:00:00]} 41. Kxe1 {[%emt 0:04:00]} Rh1+ {[%emt 0:00:29]} 42. Kf2 {[%emt 0:01:22]} Rh2+ {[%emt 0:00:07]} 43. Kf1 {[%emt 0:00:08]} Rxa2 {[%emt 0:00:07]} 44. Be6 {[%emt 0:00:48]} Rxa3 {[%emt 0:00:16]} 45. Bxg8 {[%emt 0:00:16]} Rxf3+ {[%emt 0:00:07]} 46. Kg2 {[%emt 0:00:15]} Rg3+ {[%emt 0:00:04]} 47. Kh2 {[%emt 0:00:05]} Rxg8 {[%emt 0:00:09]} 48. Nc8 {[%emt 0:00:11]} f3 {[%emt 0:00:17]} 0-1

[Event "EYCC Open-U12 2019"]
[Site "Bratislava"]
[Date "2019.08.09"]
[Round "8.26"]
[White "Kamilov, Dmitry"]
[Black "Venkatesan, Kavin"]
[Result "1-0"]
[WhiteElo "1990"]
[BlackElo "1797"]
[Annotator "NA"]
[PlyCount "109"]
[EventDate "2019.08.02"]
[EventType "swiss"]
[EventCountry "SVK"]
[SourceTitle "playchess.com"]
[Source "ChessBase"]
[SourceQuality "1"]
[TimeControl "40/5400+30:1800+30"]

1. e4 {[%emt 0:00:00]} c5 {[%emt 0:00:00]} 2. Nf3 {[%emt 0:00:00]} d6 {[%emt 0:00:00]} 3. d4 {[%emt 0:00:00]} cxd4 {[%emt 0:00:06]} 4. Nxd4 {[%emt 0:00:00]} Nf6 {[%emt 0:00:12]} 5. Nc3 {[%emt 0:00:00]} a6 {[%emt 0:00:07]} 6. Bc4 {[%emt 0:00:00]} e6 {[%emt 0:00:26]} 7. Bb3 {[%emt 0:00:02]} Nbd7 {[%emt 0:01:29]} 8. f4 {[%emt 0:00:13]} Nc5 {[%emt 0:03:37]} 9. Qf3 {[%emt 0:00:07]} Be7 {[%emt 0:02:15]} 10. O-O {[%emt 0:01:07]} O-O {[%emt 0:00:56]} 11. g4 {[%emt 0:00:12]} Qc7 {[%emt 0:05:40]} 12. Be3 {[%emt 0:07:08]} b5 {[%emt 0:00:55]} 13. g5 {[%emt 0:00:25]} Nfd7 {[%emt 0:14:16]} 14. f5 {[%emt 0:34:20]} Ne5 {[%emt 0:00:49]} 15. Qg2 {[%emt 0:02:09]} b4 {[%emt 0:01:13]} 16. Nce2 {[%emt 0:00:22]} exf5 {[%emt 0:03:22]} 17. Bd5 {[%emt 0:09:02]} Bb7 {[%emt 0:05:21]} 18. exf5 {[%emt 0:02:02]} Nc4 {[%emt 0:10:28]} 19. Bf4 {[%emt 0:06:24]} Nb6 {[%emt 0:09:31]} 20. Bxb7 {[%emt 0:04:00]} Qxb7 {[%emt 0:00:44]} 21. f6 {[%emt 0:00:13]} Qxg2+ {[%emt 0:05:53]} 22. Kxg2 {[%emt 0:00:02]} gxf6 {[%emt 0:00:19]} 23. gxf6 {[%emt 0:00:05]} Bxf6 {[%emt 0:00:56]} 24. Bxd6 {[%emt 0:00:19]} Bxd4 {[%emt 0:00:20]} 25. Bxf8 {[%emt 0:07:15]} Rxf8 {[%emt 0:00:07]} 26. Nxd4 {[%emt 0:00:03]} Nc4 {[%emt 0:00:30]} 27. Kh1 {[%emt 0:00:55]} Kh8 {[%emt 0:08:14]} 28. Rae1 {[%emt 0:02:36]} Nxb2 {[%emt 0:02:16]} 29. Ne6 {[%emt 0:00:55]} Nxe6 {[%emt 0:01:24]} 30. Rxe6 {[%emt 0:00:06]} a5 {[%emt 0:00:43]} 31. Re5 {[%emt 0:03:54]} Nc4 {[%emt 0:00:22]} 32. Rc5 {[%emt 0:00:16]} Na3 {[%emt 0:02:17]} 33. Rf2 {[%emt 0:01:25]} a4 {[%emt 0:00:50]} 34. Ra5 {[%emt 0:00:14]} Rc8 {[%emt 0:01:32]} 35. Rxa4 {[%emt 0:01:42]} Nxc2 {[%emt 0:02:13]} 36. Rxf7 {[%emt 0:01:21]} Kg8 37. Raa7 Ne3 {[%emt 0:02:44]} 38. Rg7+ {[%emt 0:01:13]} Kf8 {[%emt 0:00:15]} 39. Rac7 {[%emt 0:01:58]} Rd8 {[%emt 0:00:15]} 40. Rgd7 {[%emt 0:00:21]} Rxd7 {[%emt 0:00:55]} 41. Rxd7 {[%emt 0:00:08]} Kg8 {[%emt 0:00:19]} 42. Rd4 {[%emt 0:00:13]} Nc2 {[%emt 0:00:53]} 43. Rc4 {[%emt 0:00:10]} b3 {[%emt 0:00:15]} 44. axb3 {[%emt 0:00:07]} Na3 {[%emt 0:00:06]} 45. Rc5 {[%emt 0:00:16]} Kf7 {[%emt 0:00:13]} 46. Rc7+ {[%emt 0:00:23]} Kg6 {[%emt 0:00:18]} 47. Rc5 {[%emt 0:00:43]} Kf7 {[%emt 0:00:10]} 48. Kg1 {[%emt 0:00:35]} Ke6 {[%emt 0:00:28]} 49. Kf2 {[%emt 0:00:24]} Kd6 {[%emt 0:00:30]} 50. b4 {[%emt 0:00:08]} Nb1 {[%emt 0:00:36]} 51. Ke2 {[%emt 0:00:06]} h6 {[%emt 0:00:37]} 52. Kd1 {[%emt 0:00:14]} Na3 {[%emt 0:00:07]} 53. Kc1 {[%emt 0:00:02]} Kd7 {[%emt 0:01:04]} 54. Kb2 {[%emt 0:00:01]} h5 {[%emt 0:00:17]} 55. Kxa3 1-0

[Event "EYCC Open-U12 2019"]
[Site "Bratislava"]
[Date "2019.08.09"]
[Round "8.27"]
[White "Soderstrom, Adrian"]
[Black "Lye, Sverre"]
[Result "1-0"]
[WhiteElo "1970"]
[BlackElo "1839"]
[Annotator "NA"]
[PlyCount "59"]
[EventDate "2019.08.02"]
[EventType "swiss"]
[EventCountry "SVK"]
[SourceTitle "playchess.com"]
[Source "ChessBase"]
[SourceQuality "1"]
[TimeControl "40/5400+30:1800+30"]

1. d4 {[%emt 0:00:00]} Nf6 {[%emt 0:00:00]} 2. c4 {[%emt 0:00:06]} g6 {[%emt 0:00:31]} 3. Nc3 {[%emt 0:00:07]} Bg7 {[%emt 0:00:17]} 4. e4 {[%emt 0:00:09]} d6 {[%emt 0:00:31]} 5. Be2 {[%emt 0:00:18]} O-O {[%emt 0:00:54]} 6. Be3 {[%emt 0:00:11]} Nbd7 {[%emt 0:01:55]} 7. Qd2 {[%emt 0:00:55]} e5 {[%emt 0:01:14]} 8. d5 {[%emt 0:01:55]} Nc5 {[%emt 0:02:03]} 9. f3 {[%emt 0:00:08]} a5 {[%emt 0:02:05]} 10. g4 {[%emt 0:00:15]} Bd7 {[%emt 0:02:30]} 11. Nh3 {[%emt 0:03:56]} Na4 {[%emt 0:05:20]} 12. Nxa4 {[%emt 0:03:36]} Bxa4 {[%emt 0:00:25]} 13. Nf2 {[%emt 0:00:50]} Ne8 {[%emt 0:10:03]} 14. h4 {[%emt 0:03:38]} f6 {[%emt 0:07:34]} 15. h5 {[%emt 0:13:56]} Rf7 {[%emt 0:06:05]} 16. hxg6 {[%emt 0:11:53]} hxg6 {[%emt 0:00:12]} 17. g5 {[%emt 0:00:37]} Bd7 {[%emt 0:05:22]} 18. O-O-O {[%emt 0:06:03]} f5 {[%emt 0:05:40]} 19. exf5 {[%emt 0:00:24]} gxf5 {[%emt 0:02:34]} 20. g6 {[%emt 0:00:53]} Rf8 {[%emt 0:02:47]} 21. Bh6 {[%emt 0:02:36]} f4 {[%emt 0:02:20]} 22. Ne4 {[%emt 0:05:09]} Bxh6 {[%emt 0:03:19]} 23. Rxh6 {[%emt 0:00:14]} Bf5 {[%emt 0:01:09]} 24. Bd3 {[%emt 0:04:04]} Bxe4 {[%emt 0:04:03]} 25. Bxe4 {[%emt 0:00:18]} Nf6 {[%emt 0:00:24]} 26. g7 {[%emt 0:02:36]} Kxg7 {[%emt 0:00:27]} 27. Qg2+ {[%emt 0:00:24]} Kf7 {[%emt 0:00:28]} 28. Qg6+ {[%emt 0:00:07]} Ke7 {[%emt 0:00:07]} 29. Rh7+ {[%emt 0:00:09]} Nxh7 {[%emt 0:00:15]} 30. Qe6# {[%emt 0:00:06]} 1-0

[Event "EYCC Open-U12 2019"]
[Site "Bratislava"]
[Date "2019.08.09"]
[Round "8.28"]
[White "Cohen, Elad"]
[Black "Dovbnia, Nikita"]
[Result "0-1"]
[WhiteElo "2002"]
[BlackElo "1777"]
[Annotator "NA"]
[PlyCount "116"]
[EventDate "2019.08.02"]
[EventType "swiss"]
[EventCountry "SVK"]
[SourceTitle "playchess.com"]
[Source "ChessBase"]
[SourceQuality "1"]
[TimeControl "40/5400+30:1800+30"]

1. e4 {[%emt 0:00:00]} e5 {[%emt 0:00:00]} 2. Nf3 {[%emt 0:00:00]} Nf6 {[%emt 0:00:00]} 3. Nxe5 {[%emt 0:00:07]} d6 {[%emt 0:00:03]} 4. Nf3 {[%emt 0:00:19]} Nxe4 {[%emt 0:00:12]} 5. Bd3 {[%emt 0:00:14]} Nc5 {[%emt 0:02:30]} 6. Be2 {[%emt 0:00:27]} d5 {[%emt 0:00:29]} 7. d4 {[%emt 0:00:44]} Ne4 {[%emt 0:00:29]} 8. O-O {[%emt 0:00:45]} Be7 {[%emt 0:04:33]} 9. Bf4 {[%emt 0:03:46]} O-O {[%emt 0:01:14]} 10. Nbd2 {[%emt 0:00:58]} Nd7 {[%emt 0:03:35]} 11. Ne5 {[%emt 0:06:43]} Nxe5 {[%emt 0:02:16]} 12. Bxe5 {[%emt 0:01:05]} Bf5 {[%emt 0:06:31]} 13. f3 {[%emt 0:07:18]} Nd6 {[%emt 0:02:54]} 14. Re1 {[%emt 0:06:07]} c6 {[%emt 0:06:52]} 15. Nf1 {[%emt 0:04:37]} Nc4 {[%emt 0:10:08]} 16. Bxc4 {[%emt 0:05:04]} dxc4 {[%emt 0:00:27]} 17. Ne3 {[%emt 0:01:39]} Be6 {[%emt 0:01:09]} 18. c3 {[%emt 0:02:35]} Qd7 {[%emt 0:03:51]} 19. b3 {[%emt 0:07:58]} cxb3 {[%emt 0:01:14]} 20. axb3 {[%emt 0:00:02]} Rfd8 {[%emt 0:03:56]} 21. Qc2 {[%emt 0:05:02]} Bf8 {[%emt 0:08:48]} 22. Red1 {[%emt 0:07:11]} f6 {[%emt 0:05:51]} 23. Bg3 {[%emt 0:01:52]} Bd6 {[%emt 0:02:39]} 24. Bxd6 {[%emt 0:04:56]} Qxd6 {[%emt 0:01:21]} 25. Nc4 {[%emt 0:04:06]} Qc7 {[%emt 0:04:54]} 26. Re1 {[%emt 0:04:16]} Bf7 {[%emt 0:01:54]} 27. Qf2 {[%emt 0:00:42]} b5 {[%emt 0:02:11]} 28. Nd2 {[%emt 0:00:36]} a5 {[%emt 0:00:16]} 29. b4 {[%emt 0:06:10]} axb4 {[%emt 0:05:59]} 30. cxb4 {[%emt 0:00:43]} Qd6 {[%emt 0:01:13]} 31. Rxa8 {[%emt 0:00:38]} Rxa8 {[%emt 0:00:01]} 32. Rb1 {[%emt 0:01:18]} Rd8 {[%emt 0:01:11]} 33. Ne4 {[%emt 0:05:39]} Qxd4 {[%emt 0:00:51]} 34. Qxd4 {[%emt 0:01:39]} Rxd4 {[%emt 0:00:07]} 35. Ra1 {[%emt 0:00:40]} Bg6 {[%emt 0:01:33]} 36. Ra6 {[%emt 0:02:44]} Bxe4 {[%emt 0:00:29]} 37. fxe4 {[%emt 0:00:01]} Rxb4 {[%emt 0:00:31]} 38. Rxc6 {[%emt 0:00:26]} Rxe4 {[%emt 0:00:07]} 39. Rb6 {[%emt 0:00:26]} b4 {[%emt 0:00:13]} 40. Rb7 {[%emt 0:00:00]} h6 {[%emt 0:00:00]} 41. Kf2 {[%emt 0:01:40]} Kh7 {[%emt 0:01:18]} 42. Kf3 {[%emt 0:00:18]} Rc4 {[%emt 0:00:37]} 43. g4 {[%emt 0:02:02]} Rc3+ {[%emt 0:07:30]} 44. Kg2 {[%emt 0:01:59]} b3 {[%emt 0:00:35]} 45. h4 {[%emt 0:01:06]} Kg6 {[%emt 0:07:42]} 46. h5+ {[%emt 0:02:19]} Kg5 {[%emt 0:00:22]} 47. Rxg7+ {[%emt 0:02:10]} Kh4 {[%emt 0:00:21]} 48. Rf7 {[%emt 0:03:38]} Kxg4 {[%emt 0:00:23]} 49. Kf2 {[%emt 0:00:59]} f5 {[%emt 0:01:31]} 50. Rf6 {[%emt 0:01:06]} Kg5 {[%emt 0:00:15]} 51. Rf7 {[%emt 0:00:20]} Kf4 {[%emt 0:00:14]} 52. Ke2 {[%emt 0:00:16]} Rh3 {[%emt 0:00:09]} 53. Kd2 {[%emt 0:00:50]} Rxh5 {[%emt 0:00:12]} 54. Rb7 {[%emt 0:00:23]} Rh3 {[%emt 0:00:07]} 55. Rb4+ {[%emt 0:00:14]} Kg5 {[%emt 0:00:06]} 56. Ke2 {[%emt 0:00:13]} h5 {[%emt 0:00:23]} 57. Kf2 {[%emt 0:00:18]} h4 {[%emt 0:00:09]} 58. Kg2 {[%emt 0:00:18]} Rc3 {[%emt 0:00:08]} 0-1

[Event "EYCC Open-U12 2019"]
[Site "Bratislava"]
[Date "2019.08.09"]
[Round "8.29"]
[White "De Winter, Arthur"]
[Black "Gregoric, Andraz"]
[Result "1/2-1/2"]
[WhiteElo "1859"]
[BlackElo "1911"]
[Annotator "NA"]
[PlyCount "77"]
[EventDate "2019.08.02"]
[EventType "swiss"]
[EventCountry "SVK"]
[SourceTitle "playchess.com"]
[Source "ChessBase"]
[SourceQuality "1"]
[TimeControl "40/5400+30:1800+30"]

1. e4 {[%emt 0:00:00]} e5 {[%emt 0:00:00]} 2. Nf3 {[%emt 0:00:00]} Nc6 {[%emt 0:00:00]} 3. Bb5 {[%emt 0:00:00]} a6 {[%emt 0:00:00]} 4. Ba4 {[%emt 0:00:03]} Nf6 {[%emt 0:00:00]} 5. O-O {[%emt 0:00:19]} Be7 {[%emt 0:00:00]} 6. Re1 {[%emt 0:00:15]} b5 {[%emt 0:00:04]} 7. Bb3 {[%emt 0:00:06]} d6 {[%emt 0:00:09]} 8. c3 {[%emt 0:00:47]} O-O {[%emt 0:00:10]} 9. h3 {[%emt 0:00:11]} Na5 {[%emt 0:00:08]} 10. Bc2 {[%emt 0:00:12]} c5 {[%emt 0:00:05]} 11. d4 {[%emt 0:00:23]} Qc7 {[%emt 0:00:08]} 12. Nbd2 {[%emt 0:01:09]} cxd4 {[%emt 0:00:59]} 13. cxd4 {[%emt 0:00:08]} Nc6 {[%emt 0:01:15]} 14. d5 {[%emt 0:01:32]} Nb4 {[%emt 0:03:14]} 15. Bb1 {[%emt 0:00:14]} a5 {[%emt 0:00:41]} 16. Nf1 {[%emt 0:03:13]} Bd7 {[%emt 0:10:21]} 17. Ng3 {[%emt 0:01:37]} h6 {[%emt 0:04:01]} 18. a3 {[%emt 0:09:30]} Na6 {[%emt 0:00:06]} 19. Be3 {[%emt 0:08:40]} Nh7 {[%emt 0:02:17]} 20. Nh2 {[%emt 0:06:25]} Bg5 {[%emt 0:02:24]} 21. Nf3 {[%emt 0:08:49]} Bxe3 {[%emt 0:00:24]} 22. Rxe3 {[%emt 0:00:00]} Rac8 {[%emt 0:00:58]} 23. Bd3 {[%emt 0:02:00]} a4 {[%emt 0:05:24]} 24. Nh4 {[%emt 0:06:41]} g6 {[%emt 0:02:48]} 25. Qe2 {[%emt 0:06:38]} Qb6 {[%emt 0:07:47]} 26. Kh2 {[%emt 0:07:27]} Kg7 {[%emt 0:01:22]} 27. Rf1 {[%emt 0:03:29]} Nc5 {[%emt 0:03:54]} 28. f4 {[%emt 0:06:05]} f6 {[%emt 0:00:35]} 29. f5 {[%emt 0:11:55]} g5 {[%emt 0:02:30]} 30. Nh5+ {[%emt 0:00:54]} Kf7 {[%emt 0:01:55]} 31. Ng6 {[%emt 0:00:16]} Rg8 {[%emt 0:02:14]} 32. Ng3 {[%emt 0:01:31]} Be8 {[%emt 0:03:28]} 33. Rc1 {[%emt 0:04:00]} Nf8 {[%emt 0:06:31]} 34. Nxf8 {[%emt 0:01:20]} Rxf8 {[%emt 0:00:33]} 35. Bb1 {[%emt 0:03:07]} Qb7 {[%emt 0:05:33]} 36. Rec3 {[%emt 0:00:45]} Ke7 {[%emt 0:02:55]} 37. Nf1 {[%emt 0:01:58]} h5 {[%emt 0:04:07]} 38. Ne3 {[%emt 0:04:31]} Qb6 {[%emt 0:07:31]} 39. Qd1 {[%emt 0:01:07]} 1/2-1/2